000 01471nam a2200253Ia 4500
003 OSt
005 20210927162053.0
008 210310s1969 mx gr 000 0 spa d
040 _aCO-JMCR
_cCO-JMCR
041 1 _aspa
_heng
082 0 4 _a338.9 /
_bH669c
_223
100 1 _aHirschman, Albert O.,
_eautor
_917944
245 1 3 _aEl comportamiento de los proyectos de desarrollo /
_cAlbert O. hischman ; traducción de Gustavo Esteva
250 _aPrimera edición.
260 _aMéxico :
_bSiglo xxi,
_c1969
300 _a183 páginas ;
_c18 cm.
490 0 _aEconomía y demografía
505 0 _aIncertidumbre. -- Plasticidades y dependencia. -- Diseño de proyectos. -- Evaluación de proyectos.
520 0 _aLos proyectos de desarrollo son partículas privilegiadas del proceso de desarrollo; la necesidad de que su comportamiento sea estudiado más profundamente es el origen de este libro. Para elaborarlo, el autor se basó en los estudios de once proyectos efectuados en diversos países y con respecto a diversos sectores económicos de los cinco continentes. Se ocupa principalmente del comportamiento comparativo y de las características estructurales de los proyectos, desbordando sus atributos tecnológicos, así como sus características administrativas y de organización.
650 1 4 _aProyectos de desarrollo económico
_97904
650 2 4 _aDesarrollo económico
_940836
700 1 _aEsteva, Gustavo,
_etraductor
_940837
942 _2ddc
_cBK
999 _c12549
_d12549